| 000 | 00764cab a2200277 4500 | ||
|---|---|---|---|
| 001 | ABS56042 | ||
| 008 | 090401t1996 xxu||||| |||| 00| 0 eng d | ||
| 035 | _a(Sirsi) u20638 | ||
| 041 | _aeng | ||
| 100 | _aWelch, J. | ||
| 245 | _aOn the box | ||
| 260 | _c1996 | ||
| 350 | _a0 | ||
| 490 |
_aLeisure Management _v16(10) October 1996, 14-15(2) |
||
| 520 | _aA look at the current leisure park and leisure box markets and considers what the future holds for them. | ||
| 650 | _aCINEMAS | ||
| 650 | _aINVESTMENT MARKET | ||
| 650 | _aKINGS PARK | ||
| 650 | _aLEISURE PARKS | ||
| 650 | _aLEISURE PROPERTY | ||
| 650 | _aMULTIPLEXES | ||
| 690 | _aPROPERTY-COMMERCIAL PROPERTY | ||
| 690 | _aLEISURE AND RECREATION | ||
| 942 | _n0 | ||
| 948 | _c04/03/1997 | ||
| 999 |
_c13824 _d13824 |
||